000 01364nam a22003737a 4500
001 2476142
003 OSt
005 20210420064726.0
008 920814s1990 njua b 001 0 eng d
010 _a 90148471
020 _a0139708316
035 _a(OCoLC)21322532
040 _aeng
_cDLC
_deng
042 _alccopycat
050 0 4 _aPE1478
_b.W45 1990
080 _a811.111
_bW-47
100 1 _aWeissberg, Robert.
245 1 0 _aWriting up research :
_bexperimental research report writing for students of English /
_cRobert Weissberg and Suzanne Buker.
260 _aEnglewood Cliffs, NJ :
_bPrentice Hall Regents,
_cc1990.
300 _avi, 202 p. :
_bill. ;
_c24 cm.
504 _aIncludes bibliographical references (p. 198-200) and index.
650 0 _aReport writing.
650 0 _aTechnical writing.
650 0 _aEnglish language
_xRhetoric.
650 0 _aEnglish language
_xTextbooks for foreign speakers.
650 0 _aResearch
_xMethodology.
653 _aინგლისური ენა
653 _aაკადემიური წერა
653 _aკვლევის ანგარიშის მომზადება
700 1 _aBuker, Suzanne.
906 _a7
_bcbc
_ccopycat
_d4
_encip
_f19
_gy-gencatlg
942 _2udc
_cBK
999 _c500
_d500